000 01112nas a2200325 i 4500
001 2758
003 ES-MaACL
005 20250729062616.0
007 t|
008 000223c1993 sp q| | 0 ||pa d
022 _a1133-567X
080 _a(460)
080 _a32
245 0 0 _aUtopías, nuestra bandera
_b: revista de debate político y teórico.
246 1 3 _aNuestra bandera
260 _aMadrid :
_bPartido Comunista de España,
_c1993-
300 _a5 v. ;
_c24 cm.
310 _aTrimestral
362 0 _aNº 154 (en. 1993)-
500 _aEn el título la "P" representada simbólicamente.
650 7 _aPolítica
_2embne
_9140345
655 7 _2tgfbne
_9226866
_aRevistas
710 2 _aPartido Comunista de España.
_96135
852 _aES-MaACL
_jHEM-H-117
_dOlim: HEM-2038
_cHEM
_zExpurgado marzo 2025: muy incompleta
856 _uhttps://dialnet.unirioja.es/servlet/revista?codigo=3364
_ySumarios de la revista en Dianet
866 0 _o(1999 f. en-jun) (2000),(2004),(2012).
942 _2udc
_cPERIODICA
999 _c2758
_d2758